Statystyki dla Mapa świata bez 12 państw #1

Kliknij tutaj aby rozwiązać quiz!

Ogólne statystyki

  • Ten quiz został rozwiązany 156 razy
  • Średni wynik to 9 z 12

Odpowiedzi na mapie

Odpowiedzi skodowane kolorowo w zielono-czerwonej skali na mapie do tego quizu, zgodnie z poniższymi procentami.
 

Statystyki odpowiedzi

Państwo% Poprawnych
Turcja
95%
Norwegia
91%
Japonia
82%
Dania
80%
Chile
78%
Korea Południowa
78%
Nowa Zelandia
77%
Sri Lanka
70%
Bangladesz
64%
Madagaskar
64%
Cypr
53%
Somalia
52%

Rozkład punktacji

Percentyl według liczby udzielonych odpowiedzi

Procent ludzi z każdym wynikiem

Twoja historia wyników

Nie rozwiązałeś tego quizu